Statistics for Top 50 least religious countries

Click here to take the quiz!

General Stats

  • This quiz has been taken 1,227 times
    (1,060 since last reset)
  • The average score is 36 of 50

Answer Stats

% of NonnesCountry% Correct
74%United Kingdom
94%
45%United States
93%
80%Sweden
91%
52%Canada
90%
49%Norway
90%
68%Russia
90%
49%Finland
89%
34%China
88%
69%France
88%
57%Germany
88%
75%Japan
88%
48%Spain
88%
78%Denmark
87%
53%Australia
86%
82%Estonia
82%
75%Iceland
82%
46%Ireland
82%
73%Netherlands
82%
49%South Korea
82%
59%Belgium
81%
40%Italy
81%
58%Latvia
80%
69%New Zealand
80%
56%Switzerland
80%
49%Lithuania
79%
50%Ukraine
79%
41%Greece
78%
35%Poland
77%
48%Slovenia
76%
44%Croatia
75%
34%Hungary
73%
59%Luxembourg
73%
46%Serbia
72%
40%Mexico
71%
44%Argentina
65%
68%Czech Republic
65%
57%Albania
64%
43%Chile
64%
41%Montenegro
61%
60% (circa)Cuba
60%
40%Moldova
59%
42%Singapore
58%
34%Macedonia
53%
35%Cyprus
50%
47%Israel
48%
56%Uruguay
48%
35%Armenia
44%
48%Azerbaijan
41%
47%Uzbekistan
28%
40% (circa)Kyrgyzstan
23%

Score Distribution

Percentile by Number Answered

Percent of People with Each Score

Your Score History

You have not taken this quiz since the last reset